<?xml version="1.0" encoding="UTF-8"?>
<record
    xmlns:xsi="http://www.w3.org/2001/XMLSchema-instance"
    xsi:schemaLocation="http://www.loc.gov/MARC21/slim http://www.loc.gov/standards/marcxml/schema/MARC21slim.xsd"
    xmlns="http://www.loc.gov/MARC21/slim">

  <leader>02131nam a2200301 a 4500</leader>
  <controlfield tag="001">80582</controlfield>
  <controlfield tag="003">BD-RjUL</controlfield>
  <controlfield tag="005">20230115121411.0</controlfield>
  <controlfield tag="008">221021s2002    bg ||||| m||| 00| 0 ben d</controlfield>
  <datafield tag="035" ind1=" " ind2=" ">
    <subfield code="a">(BD-RjUL)80582</subfield>
  </datafield>
  <datafield tag="040" ind1=" " ind2=" ">
    <subfield code="a">BD-RjUL</subfield>
    <subfield code="b">ben/eng</subfield>
    <subfield code="c">BD-RjUL</subfield>
    <subfield code="d">BD-RjUL</subfield>
  </datafield>
  <datafield tag="041" ind1=" " ind2=" ">
    <subfield code="a">ben</subfield>
  </datafield>
  <datafield tag="082" ind1=" " ind2=" ">
    <subfield code="2">23</subfield>
    <subfield code="a">297.125092</subfield>
    <subfield code="b">ISI 2002</subfield>
  </datafield>
  <datafield tag="100" ind1=" " ind2=" ">
    <subfield code="a">&#x987;&#x9B8;&#x9B2;&#x9BE;&#x9AE;, &#x9AE;&#x9C1;&#x9B9;&#x9BE;&#x9AE;&#x9CD;&#x9AE;&#x9A6; &#x987;&#x995;&#x9B0;&#x9BE;&#x9AE;&#x9C1;&#x9B2;</subfield>
    <subfield code="9">1015</subfield>
  </datafield>
  <datafield tag="245" ind1="1" ind2="0">
    <subfield code="a">&#x987;&#x9AE;&#x9BE;&#x9AE; &#x986;&#x9AC;&#x9C1;&#x9B2; &#x9B9;&#x9BE;&#x9B8;&#x9BE;&#x9A8; '&#x986;&#x9B2;&#x9C0; &#x987;&#x9AC;&#x9A8; '&#x989;&#x9AE;&#x9BE;&#x9B0; &#x986;&#x9A6;-&#x9A6;&#x9BE;&#x9B0;&#x9BE;&#x995;&#x9C1;&#x9A4;&#x9A8;&#x9C0; :</subfield>
    <subfield code="b">&#x9B9;&#x9BE;&#x9A6;&#x9C0;&#x9B8; &#x99A;&#x9B0;&#x9CD;&#x99A;&#x9BE;&#x9AF;&#x9BC; &#x9A4;&#x9BE;&#x981;&#x9B0; &#x985;&#x9AC;&#x9A6;&#x9BE;&#x9A8; /</subfield>
    <subfield code="c">&#x9AE;&#x9C1;&#x9B9;&#x9BE;&#x9AE;&#x9CD;&#x9AE;&#x9A6; &#x987;&#x995;&#x9B0;&#x9BE;&#x9AE;&#x9C1;&#x9B2; &#x987;&#x9B8;&#x9B2;&#x9BE;&#x9AE;</subfield>
    <subfield code="6">&#x9B8;&#x9C1;&#x9AA;&#x9BE;&#x9B0; &#x9AD;&#x9BE;&#x987;&#x99C;&#x9BE;&#x9B0; : &#x98F;&#x9AB; &#x98F;&#x9AE; &#x98F; &#x98F;&#x987;&#x99A; &#x9A4;&#x9BE;&#x995;&#x9C0;, &#x995;&#x9CB;-&#x9B8;&#x9C1;&#x9AA;&#x9BE;&#x9B0; &#x9AD;&#x9BE;&#x987;&#x99C;&#x9BE;&#x9B0; : &#x9AE;&#x9CB;&#x9B9;&#x9BE;&#x9AE;&#x9CD;&#x9AE;&#x9A6; &#x9AC;&#x9C7;&#x9B2;&#x9BE;&#x9B2; &#x9B9;&#x9CB;&#x9B8;&#x9C7;&#x9A8;</subfield>
  </datafield>
  <datafield tag="246" ind1=" " ind2=" ">
    <subfield code="a">Imam Abul Hasan 'Ali Ibn 'Umar Ad-Daraqutni:</subfield>
    <subfield code="b">His Contribution to the Practice of Hadith /</subfield>
  </datafield>
  <datafield tag="260" ind1=" " ind2=" ">
    <subfield code="a">&#x9B0;&#x9BE;&#x99C;&#x9B6;&#x9BE;&#x9B9;&#x9C0; :</subfield>
    <subfield code="b">&#x987;&#x9B8;&#x9B2;&#x9BE;&#x9AE;&#x9BF;&#x995; &#x9B8;&#x9CD;&#x99F;&#x9BE;&#x9A1;&#x9BF;&#x99C; &#x9AC;&#x9BF;&#x9AD;&#x9BE;&#x997;, &#x9B0;&#x9BE;&#x99C;&#x9B6;&#x9BE;&#x9B9;&#x9C0; &#x9AC;&#x9BF;&#x9B6;&#x9CD;&#x9AC;&#x9AC;&#x9BF;&#x9A6;&#x9CD;&#x9AF;&#x9BE;&#x9B2;&#x9AF;&#x9BC; </subfield>
    <subfield code="c">&#x9E8;&#x9E6;&#x9E6;&#x9E8;</subfield>
  </datafield>
  <datafield tag="300" ind1=" " ind2=" ">
    <subfield code="a">[&#x9E8;], &#x98F;&#x997;&#x9BE;&#x9B0;, &#x9E8;&#x9EB;&#x9E8; &#x9AA;&#x9BE;&#x9A4;&#x9BE; :</subfield>
    <subfield code="c">&#x9E8;&#x9EF; &#x9B8;&#x9C7;&#x9AE;&#x9BF;.</subfield>
  </datafield>
  <datafield tag="502" ind1=" " ind2=" ">
    <subfield code="a">&#x9A5;&#x9BF;&#x9B8;&#x9BF;&#x9B8; (&#x9AA;&#x9BF;&#x98F;&#x987;&#x99A;.&#x9A1;&#x9BF;.) --&#x987;&#x9B8;&#x9B2;&#x9BE;&#x9AE;&#x9BF;&#x995; &#x9B8;&#x9CD;&#x99F;&#x9BE;&#x9A1;&#x9BF;&#x99C; &#x9AC;&#x9BF;&#x9AD;&#x9BE;&#x997;, &#x9B0;&#x9BE;&#x99C;&#x9B6;&#x9BE;&#x9B9;&#x9C0; &#x9AC;&#x9BF;&#x9B6;&#x9CD;&#x9AC;&#x9AC;&#x9BF;&#x9A6;&#x9CD;&#x9AF;&#x9BE;&#x9B2;&#x9AF;&#x9BC;,&#x9E8;&#x9E6;&#x9E6;&#x9E8;</subfield>
  </datafield>
  <datafield tag="504" ind1=" " ind2=" ">
    <subfield code="a">&#x997;&#x9CD;&#x9B0;&#x9A8;&#x9CD;&#x9A5;&#x9AA;&#x99E;&#x9CD;&#x99C;&#x9C0;: &#x9AA;&#x9BE;&#x9A4;&#x9BE; &#x9E8;&#x9E6;&#x9E6;-&#x9E8;&#x9E7;&#x9EF;</subfield>
  </datafield>
  <datafield tag="600" ind1=" " ind2=" ">
    <subfield code="a">&#x989;&#x9AE;&#x9BE;&#x9B0; &#x986;&#x9A6;-&#x9A6;&#x9BE;&#x9B0;&#x9BE;&#x995;&#x9C1;&#x9A4;&#x9A8;&#x9C0;, &#x987;&#x9AE;&#x9BE;&#x9AE; &#x986;&#x9AC;&#x9C1;&#x9B2; &#x9B9;&#x9BE;&#x9B8;&#x9BE;&#x9A8; '&#x986;&#x9B2;&#x9C0; &#x987;&#x9AC;&#x9A8;</subfield>
    <subfield code="d">&#x9E9;&#x9E6;&#x9EC; &#x9B9;&#x9BF;/&#x9EF;&#x9E7;&#x9EE;-&#x9E9;&#x9EE;&#x9EB;&#x9B9;&#x9BF;/&#x9EF;&#x9EF;&#x9EB;&#x996;&#x9CD;&#x9B0;&#x9C0;&#x9B7;&#x9CD;&#x99F;&#x9BE;&#x9AC;&#x9CD;&#x9A6;</subfield>
    <subfield code="9">5375</subfield>
  </datafield>
  <datafield tag="600" ind1=" " ind2=" ">
    <subfield code="a">Umar Ad-Daraqutni, Imam Abul Hasan 'Ali Ibn </subfield>
    <subfield code="d">306 AH/918-385 AH/995 AD</subfield>
    <subfield code="9">5376</subfield>
  </datafield>
  <datafield tag="650" ind1=" " ind2=" ">
    <subfield code="a">&#x99C;&#x9C0;&#x9AC;&#x9A8;&#x9C0;</subfield>
  </datafield>
  <datafield tag="650" ind1=" " ind2=" ">
    <subfield code="a">Biography</subfield>
  </datafield>
  <datafield tag="700" ind1=" " ind2=" ">
    <subfield code="a">&#x9A4;&#x9BE;&#x995;&#x9C0;, &#x98F;&#x9AB; &#x98F;&#x9AE; &#x98F; &#x98F;&#x987;&#x99A;, &#x9B8;&#x9C1;&#x9AA;&#x9BE;&#x9B0; &#x9AD;&#x9BE;&#x987;&#x99C;&#x9BE;&#x9B0;     </subfield>
    <subfield code="9">5377</subfield>
  </datafield>
  <datafield tag="700" ind1=" " ind2=" ">
    <subfield code="a">&#x9B9;&#x9CB;&#x9B8;&#x9C7;&#x9A8;, &#x9AE;&#x9CB;&#x9B9;&#x9BE;&#x9AE;&#x9CD;&#x9AE;&#x9A6; &#x9AC;&#x9C7;&#x9B2;&#x9BE;&#x9B2;, &#x995;&#x9CB;-&#x9B8;&#x9C1;&#x9AA;&#x9BE;&#x9B0; &#x9AD;&#x9BE;&#x987;&#x99C;&#x9BE;&#x9B0; </subfield>
    <subfield code="9">5378</subfield>
  </datafield>
  <datafield tag="942" ind1=" " ind2=" ">
    <subfield code="2">ddc</subfield>
    <subfield code="c">THE</subfield>
  </datafield>
  <datafield tag="999" ind1=" " ind2=" ">
    <subfield code="c">80582</subfield>
    <subfield code="d">80582</subfield>
  </datafield>
  <datafield tag="952" ind1=" " ind2=" ">
    <subfield code="1">0</subfield>
    <subfield code="2">ddc</subfield>
    <subfield code="4">0</subfield>
    <subfield code="7">1</subfield>
    <subfield code="8">THESES</subfield>
    <subfield code="a">RUCL</subfield>
    <subfield code="b">RUCL</subfield>
    <subfield code="c">Doc/The</subfield>
    <subfield code="d">2003-06-22</subfield>
    <subfield code="e">Controller of Exam. R.U.</subfield>
    <subfield code="o">BTHE 297.125092 ISI 2002</subfield>
    <subfield code="p">D2206</subfield>
    <subfield code="r">2022-10-21 00:00:00</subfield>
    <subfield code="t">C-1</subfield>
    <subfield code="y">THE</subfield>
  </datafield>
</record>
